[Event "Geneve Bois Gentil op"]
[Site "Geneve"]
[Date "2019.02.01"]
[Round "4"]
[White "Brandt, Daniel"]
[Black "Diviney, Alan"]
[Result "1-0"]
[WhiteElo "1785"]
[BlackElo "1559"]
[PlyCount "65"]
[EventDate "2019.01.11"]
[EventType "swiss"]
[EventRounds "7"]
[EventCountry "SUI"]
[SourceTitle "CBM 189 Extra"]
[Source "ChessBase"]
[SourceDate "2019.05.31"]
[SourceVersion "1"]
[SourceVersionDate "2019.05.31"]
[SourceQuality "1"]

1. c4 Nf6 2. g3 g6 3. d4 Bg7 4. Bg2 d5 5. cxd5 Nxd5 6. e4 Nb6 7. Ne2 c5 8. Be3 Nc6 9. e5 cxd4 10. Bxc6+ bxc6 11. Bxd4 Qd5 12. 0-0 Bxe5 13. Nbc3 Qd6 14. Re1 Bg4 15. Ne4 Qd5 16. Qc2 Bxd4 17. Nxd4 Qxd4 18. Qxc6+ Kf8 19. Nc3 Qc4 20. Qb7 Be6 21. a4 Qc8 22. Qf3 Kg7 23. Rac1 Qa6 24. Nb5 Rac8 25. Nc7 Qxa4 26. Qe3 Rxc7 27. Qe5+ Kh6 28. Rxc7 Nd5 29. Rcc1 Rd8 30. Re4 f6 31. Qxe6 Rd6 32. Qh3+ Kg7 33. Rxa4 1-0